000 03254nam0a2200445 4500
001 RU\NLR\BIBL_A\022560478
005 20260420045456.0
010 _a978-5-17-146384-7
_92000
021 _aRU
_bКН-П-25-022657
_9КН-П-25-2285
035 _a(NLR Aleph) 022560478
090 _a13674546
_c13674546
100 _a20250605d2025 u y0rusy50 ca
101 0 _arus
102 _aRU
105 _aach z 000zd
181 0 _ai3
_baxxe
182 0 _an
200 1 _aЯ из огненной деревни
_e[документальный сборник воспоминаний про уничтожение фашистами белорусских деревень и о партизанах во время Великой Отечественной войны]
_fАлесь Адамович, Янка Брыль, Владимир Колесник
203 _aТекст
_bвизуальный
_cнепосредственный
210 _aМосква
_cАСТ, ОГИЗ
_d2025 (печ. 2024)
215 _a447 с., [4] л. ил.
_d22
225 1 _aИстория в лицах и эпохах
225 1 _aЛитературный бестселлер в Западной Европе
320 _aБиблиогр. в подстроч. примеч.
330 _a"Я из огненной деревни"- документальный сборник воспоминаний про уничтожение фашистами белорусских деревень и о партизанах во время Великой Отечественной войны, собранный и составленный белорусскими писателями Алесем Адамовичем, Владимиром Колесником и Янкой Брылем. В книгу вошли свидетельства только тех людей, которые лично пережили трагедию сожженных деревень, убийства родных и односельчан. Для опроса очевидцев писатели на протяжении 1970-1973 годов объездили с магнитофоном 147 деревень в 35 районах Белоруссии и записали воспоминания более 300 непосредственных участников событий
333 _a16+
606 1 _aВеликая Отечественная война
_jВоспоминания, записки и т.п.
_yБелорусская ССР
_z1941 - 1945
_91228147
_3RU\NLR\AUTH\66182441
686 2 _aШ6(2=Бел)77-49Адамович
686 2 _aШ6(2=Бел)77-49Брыль
686 2 _aШ6(2=Бел)77-49Колесник
700 1 _7ca
_8rus
_aАдамович
_bА.
_f1927-1994
_gАлесь
_96568
_3RU\NLR\AUTH\7723515
701 1 _7ca
_8rus
_aБрыль
_bЯ.
_f1917-2006
_gЯнка
_9125524
_3RU\NLR\AUTH\7715877
701 1 _aКолесник
_bВ. А.
_f1922-1994
_gВладимир Андреевич
942 _cBOOK
980 _aNB